Word Ladder: Auditioning at a Bar? Quiz Stats

 Plays Quiz Updated Mar 26, 2018

Challenge
Share
Tweet
Embed
Score 0/10 Timer 01:00
1 Play Today
Clue Word % Correct
Finishing 7th out of seven•LAST•
98.8%
To pick actorsCAST
97.5%
'A ____ of Two Cities'TALE
96.9%
What a nurse providesCARE
95.5%
Twenty-four cansCASE
93.5%
High in statureTALL
91.4%
Person of the Year magazine•TIME•
88.8%
Not very racyTAME
88.4%
Lenny's pal on The SimpsonsCARL
80.4%
Day trader's option•CALL•
77.8%

Today's Daily Dose

Word Ladder
Homophones Ate

Quick Pick
RGB Colors

On This Day
August 18th II

You're not logged in!

Compare scores with friends on all Sporcle quizzes.
Join for Free
OR
Log In

You Might Also Like...

Show Comments

Extras

Top Quizzes Today


Score Distribution

Your Account Isn't Verified!

In order to create a playlist on Sporcle, you need to verify the email address you used during registration. Go to your Sporcle Settings to finish the process.

Report this User

Report this user for behavior that violates our Community Guidelines.

Details: